000 01290nam2a22002531 4500
001 rc\3348886
005 20250609215625.0
021 _aRU
_b[71-30289]
035 _a(NLR Aleph) 007520603
090 _a7724080
_c7724080
100 _a20130115d1971 |||y0rusy50 ca
101 0 _arus
102 _aRU
105 _ay z |||||
200 0 _aЧ. 1
210 _d1971
_aБ. м.
215 _a155 с.
300 _aАвт. ч. 2: С.С. Лавров и О.Н. Кацкова
461 0 _1001rc\3348885
_12001#$aВычислительные машины и программирование$e(Тексты лекций)$eЧ. 1-$fМоск. гос. ун-т им. М.В. Ломоносова. Фак. вычислит. математики и кибернетики$vЧ. 1
_1700#1$aЛавров$bС.С.$f1923-$gСвятослав Сергеевич
_97724077
_aЛавров, С.С. (1923-)
_cМосква
_d1971-
_fМоск. гос. ун-т им. М.В. Ломоносова. Фак. вычислит. математики и кибернетики
_nБ. и.
_o(Тексты лекций) : Ч. 1-
_tВычислительные машины и программирование
_vЧ. 1
801 0 _aRU
_bNLR
_gpsbo
801 1 _aRU
_bELAR
_2rusmarc
852 _aNLR
_j71-3/2432
942 _cBOOK
980 _aNB